| 000 | 00457nam a2200157Ia 4500 | ||
|---|---|---|---|
| 008 | 220216s9999 xx 000 0 und d | ||
| 100 |
_aHrdlicka Z _cet al |
||
| 245 | 0 | _aProperties of natural and synthetic rubber recycled via high-pressure high-temperature sintering | |
| 260 |
_bKautschuk Gummi Kunststoffe _c2011 |
||
| 300 | _a22-25 | ||
| 650 | _aCompression molding | ||
| 650 | _aRecycling | ||
| 650 | _aRubber | ||
| 650 | _aSintering | ||
| 942 | _cJS | ||
| 999 |
_c65986 _d65986 |
||